Chicago Bulls 2020's Starters - Statistics

General Stats
  • This quiz has been taken 641 times
    44 since last reset
  • The average score is 9 of 16
Answer Stats
Player Starts % Correct
DeMar DeRozan 3
100%
Zach LaVine 5
100%
Nikola Vučević 6
95%
Josh Giddey 2
90%
Coby White 3
83%
Patrick Williams 3
68%
Matas Buzelis 1
63%
Alex Caruso 1
50%
Lauri Markkanen 2
50%
Tre Jones 1
40%
Ayo Dosunmu 3
35%
Wendell Carter Jr. 1
30%
Isaac Okoro 1
18%
Javonte Green 1
18%
Kris Dunn 1
10%
Tomáš Satoranský 1
3%
No matching quizzes found
Score Distribution
Percent of People with Each Score
Percentile by Number Answered
Your Score History
You have not taken this quiz since the last reset